000 00850nmm a2200277 a 4500
001 ocm000621815
003 TR-IsHL
005 20201028131629.0
008 131028s2011 tu tur
007 cr cn
020 _a9786055688400
035 _a621815
_b(N$T)
050 0 4 _aPL248.A33
_bB5 2011
090 0 4 _aPL248.A33
_bB5 2011
100 1 _aAdalı, Yaşar
245 1 0 _aBir masal ada: Bozcaada
_h[electronic resource] /
_cYaşar Adalı
250 _a1. bs.
260 _aİstanbul :
_bAkademik Kitaplar,
_c2011
300 _a648 p.
650 4 _aDil ve Edebiyat
650 4 _aLanguage and Literature
650 0 _aTürk anıları
650 0 _aTurkish memories
650 7 _aLITERARY COLLECTIONS / Middle Eastern
_2bisacsh
856 4 0 _uhttp://search.ebscohost.com/login.aspx?direct=true&scope=site&db=e011xww&AN=621815
999 _c4667
_d4667